Normal view
MARC view
- Photography
Entry Topical Term
001 - CONTROL NUMBER
- control field: 4718
003 - CONTROL NUMBER IDENTIFIER
- control field: NUST
005 - DATE AND TIME OF LATEST TRANSACTION
- control field: 20170920164308.0
008 - FIXED-LENGTH DATA ELEMENTS
- fixed length control field: 170920|| aca||aabn | a|a d
040 ## - CATALOGING SOURCE
- Original cataloging agency: NUST
- Transcribing agency: NUST
150 ## - HEADING--TOPICAL TERM
- Topical term or geographic name entry element: Photography
- Geographic subdivision: India
- General subdivision: History
- Chronological subdivision: 19th century.
670 ## - SOURCE DATA FOUND
- Source citation: Work cat.: (NUST)0: Khan, Omar, 1958- 4715, From Kashmir to Kabul :, 2002.
